000 00538nam a2200193Ia 4500
003 OSt
005 20250519162746.0
008 210210b1976 xxu||||| |||| 00| 0 eng d
040 _cAL
041 _aKannada
082 _aS891.4K DEVR
100 _aDEVUDU.
_9135846
_dದೇವುಡು
245 _aRamayanada mahapurusharu.
_bರಾಮಾಯಣದ ಮಹಾಪುರುಷರು
260 _aBengaluru
_bSahitya nandana
_c1976
300 _a152
690 _aSanskrit Prose & Champu
_9135847
906 _a035045
942 _2ddc
_cBK
999 _c85720
_d85720